000 00311nam a2200121Ia 4500
008 220204s9999 xx 000 0 und d
082 _aNR:62:678.06
_bDEA
100 _aDean-Averns, R
245 0 _aRubber in automobile engineering
260 _aLondon
_bNRDB
_c1956
650 _aRubber engineering
942 _cBK
999 _c20177
_d20177